000
00302nam a22001337a 4500
008
260416b ||||| |||| 00| 0 eng d
020
_a
9992738111
041
_a
Shqip
080
_a
821.18
100
_a
39
101
_a
Gjuhe dhe Leteresi
245
_a
Bibliografi
_c
Katerina Goshi
942
_2
udc
_c
BK
999
_c
60977
_d
60977